LEADER 02958oam 2200685I 450 001 9910800096603321 005 20240131154041.0 010 $a1-280-87353-1 010 $a9786613714848 010 $a1-136-29982-3 010 $a1-136-29981-5 010 $a0-203-11660-7 024 7 $a10.4324/9780203116609 035 $a(CKB)2550000000104808 035 $a(EBL)982122 035 $a(OCoLC)798209393 035 $a(SSID)ssj0000690973 035 $a(PQKBManifestationID)12314516 035 $a(PQKBTitleCode)TC0000690973 035 $a(PQKBWorkID)10628486 035 $a(PQKB)11565438 035 $a(MiAaPQ)EBC982122 035 $a(Au-PeEL)EBL982122 035 $a(CaPaEBR)ebr10578116 035 $a(CaONFJC)MIL371484 035 $a(OCoLC)801405991 035 $a(FINmELB)ELB135501 035 $a(EXLCZ)992550000000104808 100 $a20180706d2012 uy 0 101 0 $aeng 135 $aur|n|---||||| 181 $ctxt 182 $cc 183 $acr 200 00$aLife in post-communist Eastern Europe after EU membership $ehappy ever after? /$fedited by Donnacha O Beachain, Vera Sheridan and Sabina Stan 210 1$aNew York :$cRoutledge,$d2012. 215 $a1 online resource (257 p.) 225 1 $aRoutledge contemporary Russia and Eastern Europe series ;$v37 300 $aDescription based upon print version of record. 311 $a1-138-81573-X 311 $a0-415-68084-0 320 $aIncludes bibliographical references and index. 327 $aCover; Title; Copyright; Contents; List of illustrations; List of contributors; Foreword; Acknowledgements; Introduction; 1 Poland; 2 The Czech Republic; 3 Slovakia; 4 Hungary; 5 Slovenia; 6 Lithuania; 7 Latvia; 8 Estonia; 9 Romania; 10 Bulgaria; Conclusion; Index 330 $aThis book examines how membership of the European Union has affected life in the ten former communist countries of Eastern Europe that are now members of the European Union. For each country, political, economic and social changes are described and discussed, together with people's perceptions of the effects of EU membership. Overall, the book shows how the benefits of EU membership have differed between different countries, and how perceptions about the benefits also differ and have changed over time. 410 0$aRoutledge contemporary Russia and Eastern Europe series ;$v37. 606 $aPost-communism$zEurope, Eastern 607 $aEurope, Eastern$xHistory$y1989- 607 $aEurope, Eastern$xPolitics and government$y1989- 615 0$aPost-communism 676 $a947.0009/0511 701 $aO Beachain$b Donnacha$01587359 701 $aSheridan$b Vera$01587917 701 $aStan$b Sabina$f1968-$01298303 801 0$bMiAaPQ 801 1$bMiAaPQ 801 2$bMiAaPQ 906 $aBOOK 912 $a9910800096603321 996 $aLife in post-communist Eastern Europe after EU membership$93876696 997 $aUNINA LEADER 04403nam 22006615 450 001 9910917196403321 005 20241205115253.0 010 $a9789819790302 010 $a9819790301 024 7 $a10.1007/978-981-97-9030-2 035 $a(MiAaPQ)EBC31815228 035 $a(Au-PeEL)EBL31815228 035 $a(CKB)36822890300041 035 $a(OCoLC)1477225119 035 $a(DE-He213)978-981-97-9030-2 035 $a(EXLCZ)9936822890300041 100 $a20241205d2024 u| 0 101 0 $aeng 135 $aurcnu|||||||| 181 $ctxt$2rdacontent 182 $cc$2rdamedia 183 $acr$2rdacarrier 200 10$aEmbedded Autonomy $eFinancing a Resilient Local Government Effectively /$fby Kevin Muldoon-Smith, Mark Sandford, Greg Stride, Andrew Walker 205 $a1st ed. 2024. 210 1$aSingapore :$cSpringer Nature Singapore :$cImprint: Palgrave Macmillan,$d2024. 215 $a1 online resource (201 pages) 311 08$a9789819790296 311 08$a9819790298 327 $aIntroduction -- Time for system thinking: a system wide perspective of local government finance -- Applying a systems perspective to local government finance -- Local government in England -- Local government in Germany -- Local Government in Italy -- Local government in Japan -- Reform in England: what if local government was funded differently in England -- Conclusion: redefining the magic money tree. 330 $aThis book addresses the sustained failure to properly fund local government in England. While there has been plenty of rhetoric and policy initiatives around devolution of power to local authorities in recent decades, continuing recently with the English Devolution Bill, there has been far less attention paid to how these endeavours will be practically delivered and, most importantly, funded. In this context, the motivation in this book is to consider how local government in England could be funded differently. How can the continual hand to mouth existence of local authorities, and those that work to support them, be improved? Drawing on a system-based analysis of international local government practice, the authors develop a new theory of embedded autonomy to help understand and frame how local government can be funded effectively in England. Kevin Muldoon-Smith is an Associate Professor in Strategic Public Sector Finance and Urban Adaptation at Northumbria University, UK. He is an established author and policy advisor investigating local government finance systems, regularly via international comparison and intersecting issues of governance, taxation, land, and property markets. Mark Sandford is an Honorary Professor at the University of Bristol where he specialises in local government, devolution, local government finance and territorial identity. He has also been a research fellow at the Constitution Unit, University College London, and head of research at the Electoral Commission. Greg Stride is a Researcher at the Local Democracy Research Centre at the Local Government Information Unit (LGIU) where he has led projects on local government finance and electoral administration. Before joining the LGIU, Greg completed a PhD at the University of Exeter on electoral administration in England. Andrew Walker is the Head of Research at the Local Democracy Research Centre at the Local Government Information Unit (LGIU). Andrew leads LGIU's research programme and directs the activity of the Local Democracy Research Centre. . 606 $aPolitical science 606 $aPolitical planning 606 $aFinance, Public 606 $aHuman geography 606 $aGovernance and Government 606 $aPublic Policy 606 $aPublic Finance 606 $aHuman Geography 615 0$aPolitical science. 615 0$aPolitical planning. 615 0$aFinance, Public. 615 0$aHuman geography. 615 14$aGovernance and Government. 615 24$aPublic Policy. 615 24$aPublic Finance. 615 24$aHuman Geography. 676 $a336.01442 700 $aMuldoon-Smith$b Kevin$01779153 701 $aSandford$b Mark$01779154 701 $aStride$b Greg$01779155 701 $aWalker$b Andrew$075412 801 0$bMiAaPQ 801 1$bMiAaPQ 801 2$bMiAaPQ 906 $aBOOK 912 $a9910917196403321 996 $aEmbedded Autonomy$94302407 997 $aUNINA